Snow White and the Seven Dwarfs (Record no. 136551)

MARC details
000 -LEADER
fixed length control field 03888cgm a2200685 a 4500
001 - CONTROL NUMBER
control field vtls003217009
003 - CONTROL NUMBER IDENTIFIER
control field MY-SjTCS
005 - DATE AND TIME OF LATEST TRANSACTION
control field 20200226114706.0
007 - PHYSICAL DESCRIPTION FIXED FIELD--GENERAL INFORMATION
fixed length control field vd cvaiz
008 - FIXED-LENGTH DATA ELEMENTS--GENERAL INFORMATION
fixed length control field 110510p20091937cau084 g 00 vleng d
020 ## - INTERNATIONAL STANDARD BOOK NUMBER
International Standard Book Number 0788885766
020 ## - INTERNATIONAL STANDARD BOOK NUMBER
International Standard Book Number 9780788885761
039 #9 - LEVEL OF BIBLIOGRAPHIC CONTROL AND CODING DETAIL [OBSOLETE]
Level of rules in bibliographic description 201106011434
Level of effort used to assign nonsubject heading access points pushpa
Level of effort used to assign subject headings 201106011143
Level of effort used to assign classification pushpa
-- 201105101504
-- malathy
041 1# - LANGUAGE CODE
Language code of text/sound track or separate title eng
-- fre
-- spa
Language code of subtitles eng
-- fre
-- spa
Language code of original eng
082 04 - DEWEY DECIMAL CLASSIFICATION NUMBER
Classification number 791.4372
Item number SNO 2009
130 0# - MAIN ENTRY--UNIFORM TITLE
Uniform title Snow White and the seven dwarfs (Motion picture : 1937)
245 10 - TITLE STATEMENT
Title Snow White and the Seven Dwarfs
Medium [videorecording] /
Statement of responsibility, etc. distributed by R.K.O. Radio Pictures Inc. ; supervising director, David Hand ; story adaptation, Ted Sears, Richard Creedon, Otto Englander, Dick Rickard, Earl Hurd, Merrill De Maris, Dorothy Ann Blank, Webb Smith ; [producer, Walt Disney]
250 ## - EDITION STATEMENT
Edition statement 2-disc DVD
260 ## - PUBLICATION, DISTRIBUTION, ETC.
Place of publication, distribution, etc. Burbank, CA :
Name of publisher, distributor, etc. Walt Disney Studios Home Entertainment :
-- Distributed by Buena Vista Home Entertainment,
Date of publication, distribution, etc. 2009
300 ## - PHYSICAL DESCRIPTION
Extent 2 videodiscs (ca. 84 min.) :
Other physical details sd., col. ;
Dimensions 4 3/4 in.
490 1# - SERIES STATEMENT
Series statement Disney DVD
500 ## - GENERAL NOTE
General note Based on the fairy tale characters created by Wilhelm Grimm and Jacob Grimm.
500 ## - GENERAL NOTE
General note Originally produced as a motion picture in 1937.
500 ## - GENERAL NOTE
General note Special features: (Disc 1.) "The princess and the frog" sneak peek; "Someday my prince will come" by Tiffany Thornton; Optional audio commentary with Walt Disney; Restored original soundtrack. Disc 2. "The princess and the frog" sneak peek; "Snow White returns" featurette; "The one that started it all" featurette; 'Someday my prince will come' by Tiffany Thornton; 'Dylan & Cole Sprouse: Blu-ray is suite!' featurette; Dopey's wild mine ride; Animation voice talent; Disney through the decades ; 'Heigh-ho' karaoke sing-along; Deleted scenes.
505 0# - FORMATTED CONTENTS NOTE
Formatted contents note [disc 1]. Feature -- [disc 2]. Bonus material
511 1# - PARTICIPANT OR PERFORMER NOTE
Participant or performer note Adriana Caselotti, Roy Atwell, Eddie Collins, Pinto Colvig, Billy Gilbert, Otis Harlan, Lucille La Verne, Scotty Mattraw, Harry Stockwell
520 ## - SUMMARY, ETC.
Summary, etc. The beautiful and kindhearted princess Snow White charms every creature in the kingdom except one, the Queen, her jealous stepmother. When the Magic Mirror proclaims Snow White as the fairest one of all, she must flee into the forest. There, she befriends the lovable seven dwarfs, Doc, Sneezy, Grumpy, Happy, Bashful, Sleepy and Dopey. The Queen finds Snow White and tricks her with an enchanted apple. Only the magic of true love's kiss can save her!
538 ## - SYSTEM DETAILS NOTE
System details note DVD; region 1, NTSC; full screen (1.33:1) presentation ; Dolby Digital 5.1 Disney Enhanced Home Theater Mix (DEHT)
546 ## - LANGUAGE NOTE
Language note In English, dubbed French or dubbed Spanish dialogue with optional English (SDH), French or Spanish subtitles; closed-captioned.
650 #0 - SUBJECT ADDED ENTRY--TOPICAL TERM
Topical term or geographic name entry element Dwarfs
Form subdivision Drama
650 #0 - SUBJECT ADDED ENTRY--TOPICAL TERM
Topical term or geographic name entry element Princesses
Form subdivision Drama
650 #0 - SUBJECT ADDED ENTRY--TOPICAL TERM
Topical term or geographic name entry element Forest animals
Form subdivision Drama.
650 #0 - SUBJECT ADDED ENTRY--TOPICAL TERM
Topical term or geographic name entry element Forest people
Form subdivision Drama.
650 #0 - SUBJECT ADDED ENTRY--TOPICAL TERM
Topical term or geographic name entry element Queens
Form subdivision Drama.
650 #0 - SUBJECT ADDED ENTRY--TOPICAL TERM
Topical term or geographic name entry element Poisoning
Form subdivision Drama.
700 1# - ADDED ENTRY--PERSONAL NAME
Personal name Hand, David,
Dates associated with a name 1900-1986
700 1# - ADDED ENTRY--PERSONAL NAME
Personal name Sears, Ted
700 1# - ADDED ENTRY--PERSONAL NAME
Personal name Creedon, Richard
700 1# - ADDED ENTRY--PERSONAL NAME
Personal name Englander, Otto
700 1# - ADDED ENTRY--PERSONAL NAME
Personal name Rickard, Dick
700 1# - ADDED ENTRY--PERSONAL NAME
Personal name Hurd, Earl
700 1# - ADDED ENTRY--PERSONAL NAME
Personal name De Maris, Merrill
700 1# - ADDED ENTRY--PERSONAL NAME
Personal name Blank, Dorothy Ann
700 1# - ADDED ENTRY--PERSONAL NAME
Personal name Smith, Webb
700 1# - ADDED ENTRY--PERSONAL NAME
Personal name Disney, Walt,
Dates associated with a name 1901-1966
9 (RLIN) 52377
700 1# - ADDED ENTRY--PERSONAL NAME
Personal name Caselotti, Adriana,
Dates associated with a name 1916-1997
700 1# - ADDED ENTRY--PERSONAL NAME
Personal name Atwell, Roy
700 1# - ADDED ENTRY--PERSONAL NAME
Personal name Collins, Eddie,
Dates associated with a name 1883-1940
700 1# - ADDED ENTRY--PERSONAL NAME
Personal name Colvig, Pinto
700 1# - ADDED ENTRY--PERSONAL NAME
Personal name Gilbert, Billy,
Dates associated with a name 1893-1971
700 1# - ADDED ENTRY--PERSONAL NAME
Personal name Harlan, Otis,
Dates associated with a name 1865-1940
700 1# - ADDED ENTRY--PERSONAL NAME
Personal name Grimm, Wilhelm,
Dates associated with a name 1786-1859
9 (RLIN) 18974
700 1# - ADDED ENTRY--PERSONAL NAME
Personal name Grimm, Jacob,
Dates associated with a name 1785-1863
9 (RLIN) 18973
710 2# - ADDED ENTRY--CORPORATE NAME
Corporate name or jurisdiction name as entry element RKO Radio Pictures
9 (RLIN) 51957
710 2# - ADDED ENTRY--CORPORATE NAME
Corporate name or jurisdiction name as entry element Walt Disney Productions
9 (RLIN) 24234
710 2# - ADDED ENTRY--CORPORATE NAME
Corporate name or jurisdiction name as entry element Walt Disney Studios Home Entertainment (Firm)
9 (RLIN) 52378
710 2# - ADDED ENTRY--CORPORATE NAME
Corporate name or jurisdiction name as entry element Buena Vista Home Entertainment (Firm)
9 (RLIN) 15579
830 #0 - SERIES ADDED ENTRY--UNIFORM TITLE
Uniform title Disney DVD
920 ## - Programme
Programme ADTP : 162901
Holdings
Withdrawn status Lost status Source of classification or shelving scheme Damaged status Not for loan Home library Current library Date acquired Serial Enumeration / chronology Total Checkouts Barcode Date last seen Date last checked out Copy number Koha item type Public note
    Dewey Decimal Classification     Taylor's Library-TU Taylor's Library-TU 31/05/2011 Set of 2 DVDs 8 1000525051 05/12/2019 13/08/2013 1 Media Resources SLASx,05000,01,GR